Hazrat Shahjalal Int. Airport Destinations (Dhaka, Bangladesh) - Statistics

General Stats
  • This quiz has been taken 145 times
    36 since last reset
  • The average score is 35 of 47
Answer Stats
Airline Destination % Correct
Thai AirAsia/Thai Lion Air Bangkok (Don Mueang)
100%
Biman Bangladesh Airlines/Drukair/Thai Airways International/US-Bangla Airlines Bangkok (Suvarnabhumi)
100%
Air India/Biman Bangladesh Airlines/IndiGo/Vistara Delhi
100%
Biman Bangladesh Airlines/Qatar Airways/US-Bangla Airlines Doha
100%
Biman Bangladesh Airlines/Emirates/flydubai/US-Bangla Airlines Dubai (International)
100%
Cathay Pacific Hong Kong
100%
Turkish Airlines Istanbul
100%
Biman Bangladesh Airlines/Saudi/US-Bangla Airlines Jeddah
100%
Biman Bangladesh Airlines/Himalaya Airlines Kathmandu
100%
Biman Bangladesh Airlines/Saudi/US-Bangla Airlines Riyadh
100%
Ethiopian Airlines Addis Ababa
96%
Air China Beijing (Capital)
96%
China Southern Airlines Beijing (Daxing)
96%
Egyptair Cairo
96%
Biman Bangladesh Airlines/China Southern Airlines/US-Bangla Airlines Guangzhou
96%
Air India Express/Biman Bangladesh Airlines/IndiGo/Novoair/US-Bangla Airlines Kolkata
96%
Biman Bangladesh Airlines/Jazeera Airways/Kuwait Airways Kuwait City
96%
Air Arabia/Biman Bangladesh Airlines/US-Bangla Airlines Abu Dhabi
92%
Gulf Air Bahrain
92%
Maldivian/US-Bangla Airlines Malé
92%
Air India/IndiGo/Vistara Mumbai
92%
Biman Bangladesh Airlines/Oman Air/Salam Air/US-Bangla Airlines Muscat
92%
Biman Bangladesh Airlines/Singapore Airlines/US-Bangla Airlines Singapore
92%
Biman Bangladesh Airlines/IndiGo/US-Bangla Airlines Chennai
88%
FitsAir/SriLankan Airlines Colombo (Bandaranaike)
88%
AirAsia/Batik Air Malaysia/Biman Bangladesh Airlines/Malaysia Airlines/US-Bangla Airlines Kuala Lumpur (International)
88%
Biman Bangladesh Airlines/Saudi Dammam
83%
Biman Bangladesh Airlines/Saudi Medina
83%
IndiGo Hyderabad
79%
Biman Bangladesh Airlines London (Heathrow)
79%
Biman Bangladesh Airlines Karachi
75%
Biman Bangladesh Airlines/Myanmar Airways International Yangon
75%
Air Premia Seoul (Incheon)
71%
Air Arabia/Biman Bangladesh Airlines/US-Bangla Airlines Sharjah
71%
China Eastern Airlines Kunming
67%
Air Astra/Biman Bangladesh Airlines/Novoair/US-Bangla Airlines Sylhet
58%
Drukair Paro
50%
Biman Bangladesh Airlines Toronto (Pearson)
46%
Air Arabia Ras Al Khaimah
33%
Air Astra/Biman Bangladesh Airlines/Novoair/US-Bangla Airlines Cox's Bazar
29%
Biman Bangladesh Airlines Manchester
29%
Biman Bangladesh Airlines Rome (Fiumicino)
29%
Air Astra/Biman Bangladesh Airlines/Novoair/US-Bangla Airlines Chattogram
17%
Biman Bangladesh Airlines/US-Bangla Airlines Barisal
13%
Biman Bangladesh Airlines/Novoair/US-Bangla Airlines Rajshahi
13%
Biman Bangladesh Airlines/Novoair/US-Bangla Airlines Saidpur
13%
Biman Bangladesh Airlines/Novoair/US-Bangla Airlines Jashore
4%
No matching quizzes found
Score Distribution
Percent of People with Each Score
Percentile by Number Answered
Your Score History
You have not taken this quiz since the last reset